<?xml version="1.0" encoding="UTF-8"?>
<record
    xmlns:xsi="http://www.w3.org/2001/XMLSchema-instance"
    xsi:schemaLocation="http://www.loc.gov/MARC21/slim http://www.loc.gov/standards/marcxml/schema/MARC21slim.xsd"
    xmlns="http://www.loc.gov/MARC21/slim">

  <leader>01328nam a22002897a 4500</leader>
  <controlfield tag="005">20240530110345.0</controlfield>
  <controlfield tag="008">141202s2009    ua     gr     001 0 ara d</controlfield>
  <datafield tag="017" ind1=" " ind2=" ">
    <subfield code="a">17644/2009</subfield>
    <subfield code="b">&#x645;&#x635;&#x631; . &#x62F;&#x627;&#x631; &#x627;&#x644;&#x643;&#x62A;&#x628; &#x627;&#x644;&#x645;&#x635;&#x631;&#x64A;&#x629;</subfield>
  </datafield>
  <datafield tag="020" ind1=" " ind2=" ">
    <subfield code="a">9771806645</subfield>
  </datafield>
  <datafield tag="040" ind1=" " ind2=" ">
    <subfield code="a">EG-CaGPL</subfield>
  </datafield>
  <datafield tag="041" ind1="0" ind2=" ">
    <subfield code="a">ara</subfield>
  </datafield>
  <datafield tag="082" ind1="0" ind2="4">
    <subfield code="2">21</subfield>
    <subfield code="a">189.1\</subfield>
    <subfield code="b">&#x631;&#x643;</subfield>
  </datafield>
  <datafield tag="100" ind1="1" ind2=" ">
    <subfield code="a">&#x627;&#x644;&#x631;&#x627;&#x632;&#x649;</subfield>
    <subfield code="d">&#x62A; 320 &#x647;&#x640; - 932 &#x645;</subfield>
    <subfield code="q">&#x627;&#x644;&#x631;&#x627;&#x632;&#x649; &#x60C; &#x627;&#x628;&#x648; &#x628;&#x643;&#x631; &#x645;&#x62D;&#x645;&#x62F; &#x628;&#x646; &#x632;&#x643;&#x631;&#x64A;&#x627; &#x627;&#x644;&#x637;&#x628;&#x64A;&#x628;</subfield>
  </datafield>
  <datafield tag="245" ind1="1" ind2="0">
    <subfield code="a">&#x643;&#x62A;&#x627;&#x628; &#x627;&#x644;&#x634;&#x643;&#x648;&#x643; &#x644;&#x644;&#x631;&#x627;&#x632;&#x649; :</subfield>
    <subfield code="b">&#x639;&#x644;&#x649; &#x643;&#x644;&#x627;&#x645; &#x641;&#x627;&#x636;&#x644; &#x627;&#x644;&#x627;&#x637;&#x628;&#x627;&#x621; &#x62C;&#x627;&#x644;&#x64A;&#x646;&#x648;&#x633; &#x641;&#x649; &#x627;&#x644;&#x643;&#x62A;&#x628; &#x627;&#x644;&#x628;&#x649; &#x646;&#x633;&#x628;&#x62A; &#x627;&#x644;&#x64A;&#x647; /</subfield>
    <subfield code="c">&#x627;&#x644;&#x631;&#x627;&#x632;&#x649; &#x61B; &#x62A;&#x62D;&#x642;&#x64A;&#x642; &#x648;&#x62A;&#x642;&#x62F;&#x64A;&#x645; &#x645;&#x635;&#x637;&#x641;&#x649; &#x644;&#x628;&#x64A;&#x628; &#x639;&#x628;&#x62F;&#x627;&#x644;&#x63A;&#x646;&#x649;</subfield>
  </datafield>
  <datafield tag="246" ind1=" " ind2=" ">
    <subfield code="a">Kitab Al - Shukuk Ala Jalinus :</subfield>
    <subfield code="b">Dubitaiones in Galeum </subfield>
  </datafield>
  <datafield tag="260" ind1=" " ind2=" ">
    <subfield code="a">&#x627;&#x644;&#x642;&#x627;&#x647;&#x631;&#x629; :</subfield>
    <subfield code="b">&#x645;&#x637;&#x628;&#x639;&#x629; &#x62F;&#x627;&#x631; &#x627;&#x644;&#x643;&#x62A;&#x628; &#x648;&#x627;&#x644;&#x648;&#x62B;&#x627;&#x626;&#x642; &#x627;&#x644;&#x642;&#x648;&#x645;&#x64A;&#x629; &#x628;&#x627;&#x644;&#x642;&#x627;&#x647;&#x631;&#x629; &#x60C;</subfield>
    <subfield code="c">2009</subfield>
  </datafield>
  <datafield tag="300" ind1=" " ind2=" ">
    <subfield code="a">252 + 6 &#x635; &#x61B;</subfield>
    <subfield code="c">24 &#x633;&#x645;</subfield>
  </datafield>
  <datafield tag="504" ind1=" " ind2=" ">
    <subfield code="a">&#x628;&#x628;&#x644;&#x64A;&#x648;&#x62C;&#x631;&#x627;&#x641;&#x64A;&#x629; : &#x635; 247 - 250</subfield>
  </datafield>
  <datafield tag="600" ind1="0" ind2="4">
    <subfield code="a">&#x62C;&#x627;&#x644;&#x64A;&#x646;&#x648;&#x633; ( &#x637;&#x628;&#x64A;&#x628; &#x64A;&#x648;&#x646;&#x627;&#x646;&#x649; )</subfield>
  </datafield>
  <datafield tag="600" ind1="0" ind2="4">
    <subfield code="a">&#x627;&#x644;&#x631;&#x627;&#x632;&#x649;</subfield>
  </datafield>
  <datafield tag="650" ind1="0" ind2="4">
    <subfield code="a">&#x627;&#x644;&#x641;&#x644;&#x633;&#x641;&#x629; &#x627;&#x644;&#x627;&#x633;&#x644;&#x627;&#x645;&#x64A;&#x629;</subfield>
  </datafield>
  <datafield tag="650" ind1="0" ind2="4">
    <subfield code="a">&#x627;&#x644;&#x637;&#x628;</subfield>
    <subfield code="x">&#x641;&#x644;&#x633;&#x641;&#x629;</subfield>
  </datafield>
  <datafield tag="650" ind1="0" ind2="4">
    <subfield code="a">&#x627;&#x644;&#x637;&#x628;</subfield>
    <subfield code="x">&#x62A;&#x627;&#x631;&#x64A;&#x62E;</subfield>
    <subfield code="y">&#x627;&#x644;&#x64A;&#x648;&#x646;&#x627;&#x646;</subfield>
  </datafield>
  <datafield tag="700" ind1="0" ind2=" ">
    <subfield code="a">&#x645;&#x635;&#x637;&#x641;&#x649; &#x644;&#x628;&#x64A;&#x628; &#x639;&#x628;&#x62F;&#x627;&#x644;&#x63A;&#x646;&#x649;</subfield>
    <subfield code="e">&#x645;&#x62D;&#x642;&#x642; &#x648;&#x645;&#x642;&#x62F;&#x645;</subfield>
  </datafield>
  <datafield tag="942" ind1=" " ind2=" ">
    <subfield code="2">ddc</subfield>
    <subfield code="c">BK</subfield>
  </datafield>
  <datafield tag="999" ind1=" " ind2=" ">
    <subfield code="c">59956</subfield>
    <subfield code="d">59956</subfield>
  </datafield>
  <datafield tag="952" ind1=" " ind2=" ">
    <subfield code="0">0</subfield>
    <subfield code="1">0</subfield>
    <subfield code="4">0</subfield>
    <subfield code="7">0</subfield>
    <subfield code="a">CAI</subfield>
    <subfield code="b">CAI</subfield>
    <subfield code="d">2014-12-02</subfield>
    <subfield code="l">0</subfield>
    <subfield code="o">189.1\ &#x631;&#x643;</subfield>
    <subfield code="p">158921</subfield>
    <subfield code="r">2014-12-02 00:00:00</subfield>
    <subfield code="w">2014-12-02</subfield>
    <subfield code="y">BK</subfield>
  </datafield>
</record>
